[Event "SDS Naestved Open"]
[Site "Naestved"]
[Date "1988.07.??"]
[Round "?"]
[White "Haschem Safari, M"]
[Black "Bener, Anna"]
[Result "0-1"]
[WhiteElo "2225"]
[BlackElo "2090"]
[PlyCount "84"]
[EventDate "1988.07.23"]
[EventType "swiss"]
[EventRounds "9"]
[EventCountry "DEN"]
[SourceTitle "Gl Danbase og ChessBase"]

1. e4 c5 2. Nf3 Nc6 3. d4 cxd4 4. Nxd4 Nf6 5. Nc3 d6 6. Be2 e6 7. Be3 Be7 8. Qd2 a6 9. O-O-O Qc7 10. Kb1 O-O 11. f4 Nxd4 12. Bxd4 e5 13. Be3 b5 14. Bf3 Bb7 15. g4 b4 16. Nd5 Bxd5 17. exd5 exf4 18. Bxf4 Nd7 19. g5 f6 20. h4 fxg5 21. hxg5 Bxg5 22. Qh2 Bxf4 23. Qxh7+ Kf7 24. Qh5+ Ke7 25. Rhe1+ Ne5 26. Qh7 Kd8 27. Be2 g5 28. Qe4 Qc5 29. Rh1 Ra7 30. Rh3 Re7 31. a3 Ng4 32. Qg6 Rxe2 33. axb4 Qxc2+ 34. Qxc2 Rxc2 35. Kxc2 Ne3+ 36. Rxe3 Bxe3 37. Kd3 Bf4 38. Ra1 g4 39. Rxa6 g3 40. Ra7 Be5 41. Ra8+ Ke7 42. Ra7+ Kf6 0-1

[Event "SDS Naestved Open"]
[Site "Naestved"]
[Date "1988.07.??"]
[Round "?"]
[White "Hellers, Ferdinand"]
[Black "Brynell, Stellan"]
[Result "0-1"]
[WhiteElo "2490"]
[BlackElo "2385"]
[PlyCount "68"]
[EventDate "1988.07.23"]
[EventType "swiss"]
[EventRounds "9"]
[EventCountry "DEN"]
[SourceTitle "Gl Danbase og ChessBase"]

1. e4 e6 2. d4 d5 3. Nd2 Nf6 4. e5 Nfd7 5. c3 c5 6. Bd3 Nc6 7. Ne2 Qb6 8. Nf3 cxd4 9. cxd4 f6 10. exf6 Nxf6 11. O-O Bd6 12. b3 O-O 13. Bb2 Bd7 14. Ng3 Bf4 15. Ne5 Be8 16. Nxc6 Bxc6 17. Qe2 Rae8 18. Rad1 Bd6 19. Kh1 a6 20. Bc1 e5 21. dxe5 Bxe5 22. Qc2 Ng4 23. f4 Bd4 24. Bxh7+ Kh8 25. Bg6 Nf2+ 26. Rxf2 Bxf2 27. Bxe8 Rxe8 28. Nf5 Bb5 29. Bb2 Re2 30. Bxg7+ Kg8 31. Qc8+ Re8 32. Qc3 Qg6 33. Qf6 Kh7 34. Qh4+ Bxh4 0-1

[Event "SDS Naestved Open"]
[Site "Naestved"]
[Date "1988.07.??"]
[Round "?"]
[White "Hellers, Ferdinand"]
[Black "Sorensen, Torben N"]
[Result "1-0"]
[WhiteElo "2490"]
[BlackElo "2335"]
[PlyCount "67"]
[EventDate "1988.07.23"]
[EventType "swiss"]
[EventRounds "9"]
[EventCountry "DEN"]
[SourceTitle "Gl Danbase og ChessBase"]

1. e4 e5 2. Nf3 Nc6 3. Bb5 a6 4. Ba4 Nf6 5. O-O Be7 6. Re1 b5 7. Bb3 d6 8. c3 O-O 9. h3 Na5 10. Bc2 c5 11. d4 Qc7 12. Nbd2 cxd4 13. cxd4 Bb7 14. Nf1 Rac8 15. Bb1 Nh5 16. d5 Nf4 17. Kh2 f5 18. exf5 Nxd5 19. Ng3 Nf4 20. Bxf4 exf4 21. Nh5 Bf6 22. Nxf6+ Rxf6 23. Ng5 Qc6 24. f3 Nc4 25. Qd4 Qb6 26. Qxf4 Qf2 27. Be4 d5 28. Bd3 Nxb2 29. Bf1 Nc4 30. Re7 Qb6 31. Bxc4 bxc4 32. Ne6 Kh8 33. Qg3 g6 34. Qe5 1-0

[Event "SDS Naestved Open"]
[Site "Naestved"]
[Date "1988.07.??"]
[Round "?"]
[White "Hoi, Carsten"]
[Black "Wilder, Michael"]
[Result "1/2-1/2"]
[WhiteElo "2455"]
[BlackElo "2505"]
[PlyCount "60"]
[EventDate "1988.07.23"]
[EventType "swiss"]
[EventRounds "9"]
[EventCountry "DEN"]
[SourceTitle "Gl Danbase og ChessBase"]

1. d4 Nf6 2. Nc3 d5 3. Bg5 Nbd7 4. Nf3 c6 5. e3 Qa5 6. Bd3 Ne4 7. O-O Ndf6 8. Bxf6 Nxc3 9. bxc3 gxf6 10. c4 dxc4 11. Bxc4 Rg8 12. Kh1 Bg4 13. Be2 O-O-O 14. c4 e5 15. Qc2 Bd6 16. c5 Bb8 17. dxe5 fxe5 18. Nd4 Bd7 19. Nf5 Rde8 20. Rab1 e4 21. Qb3 b6 22. Qxf7 Qxc5 23. Ba6+ Kc7 24. Nd4 Qe7 25. Qc4 Rg5 26. Rb5 c5 27. Rd1 Reg8 28. g3 R8g6 29. Rb2 Rd6 30. Rbd2 Rgd5 1/2-1/2

[Event "SDS Naestved Open"]
[Site "Naestved"]
[Date "1988.07.??"]
[Round "?"]
[White "Horvath, Tamas"]
[Black "Hartung Nielsen, Jens"]
[Result "1/2-1/2"]
[WhiteElo "2410"]
[BlackElo "2270"]
[PlyCount "66"]
[EventDate "1988.07.23"]
[EventType "swiss"]
[EventRounds "9"]
[EventCountry "DEN"]
[SourceTitle "Gl Danbase og ChessBase"]

1. e4 c5 2. Nf3 e6 3. d4 cxd4 4. Nxd4 Nf6 5. Nc3 Nc6 6. Ndb5 Bb4 7. a3 Bxc3+ 8. Nxc3 d5 9. exd5 exd5 10. Bd3 O-O 11. O-O d4 12. Ne2 Bg4 13. Bg5 h6 14. Bh4 Bxe2 15. Bxe2 g5 16. Bg3 Ne4 17. Qd3 Re8 18. Rfe1 Qf6 19. Rad1 Rad8 20. Qb5 Nxg3 21. hxg3 Re7 22. Bf3 Rdd7 23. Rxe7 Rxe7 24. Bxc6 bxc6 25. Qc4 Rd7 26. c3 Rb7 27. Qxd4 Qxd4 28. Rxd4 Rxb2 29. Rd6 Rb1+ 30. Kh2 Rb3 31. Rxc6 Rxa3 32. Rxh6 Rxc3 33. Ra6 Rc7 1/2-1/2

[Event "SDS Naestved Open"]
[Site "Naestved"]
[Date "1988.07.??"]
[Round "?"]
[White "Horvath, Tamas"]
[Black "Jansa, Vlastimil"]
[Result "0-1"]
[WhiteElo "2410"]
[BlackElo "2470"]
[PlyCount "41"]
[EventDate "1988.07.23"]
[EventType "swiss"]
[EventRounds "9"]
[EventCountry "DEN"]
[SourceTitle "Gl Danbase og ChessBase"]

1. e4 d6 2. d4 Nf6 3. Nc3 g6 4. Bg5 Bg7 5. Qe2 O-O 6. O-O-O c6 7. h4 b5 8. e5 b4 9. Ne4 Nxe4 10. Qxe4 Bf5 11. Qe3 dxe5 12. dxe5 Qa5 13. Bc4 Nd7 14. Nf3 Nb6 15. Bb3 c5 16. c4 bxc3 17. Qxc3 Qa6 18. Bxe7 c4 19. Bc2 Bxc2 20. Qxc2 Rfe8 21. Bd6 0-1

[Event "SDS Naestved Open"]
[Site "Naestved"]
[Date "1988.07.??"]
[Round "?"]
[White "Jacobsen, Bo"]
[Black "Olesen, Martin"]
[Result "1-0"]
[WhiteElo "2290"]
[BlackElo "2225"]
[PlyCount "71"]
[EventDate "1988.07.23"]
[EventType "swiss"]
[EventRounds "9"]
[EventCountry "DEN"]
[SourceTitle "Gl Danbase og ChessBase"]

1. Nf3 Nf6 2. g3 b6 3. Bg2 Bb7 4. O-O c5 5. b3 e6 6. Bb2 Be7 7. e3 O-O 8. Qe2 d5 9. c4 Nc6 10. Nc3 Rc8 11. Rfd1 dxc4 12. bxc4 Rc7 13. d3 Qa8 14. Ne1 Rd8 15. f4 Ne8 16. g4 Rcd7 17. Rd2 Nb4 18. Bxb7 Qxb7 19. Rad1 Bf6 20. g5 Be7 21. a3 Nc6 22. Ne4 Na5 23. Qg4 Nb3 24. Re2 Qxe4 25. dxe4 Rxd1 26. f5 e5 27. Bxe5 Nc1 28. Bg3 Nxe2+ 29. Qxe2 Bxg5 30. e5 g6 31. e4 Ng7 32. e6 fxe6 33. fxg6 hxg6 34. Qg4 Be3+ 35. Kg2 Rf8 36. Qxd1 1-0

[Event "SDS Naestved Open"]
[Site "Naestved"]
[Date "1988.07.??"]
[Round "?"]
[White "Jakobsen, Ole"]
[Black "Schmidt, Wlodzimierz"]
[Result "1/2-1/2"]
[WhiteElo "2385"]
[BlackElo "2465"]
[PlyCount "71"]
[EventDate "1988.07.23"]
[EventType "swiss"]
[EventRounds "9"]
[EventCountry "DEN"]
[SourceTitle "Gl Danbase og ChessBase"]

1. c4 g6 2. Nc3 Bg7 3. g3 c5 4. Bg2 Nc6 5. Nf3 e5 6. d3 d6 7. O-O Nge7 8. Bg5 f6 9. Bd2 O-O 10. a3 Be6 11. Rb1 Qd7 12. b4 b6 13. Ne1 cxb4 14. axb4 d5 15. b5 Nd8 16. Nc2 Rc8 17. cxd5 Nxd5 18. Nxd5 Bxd5 19. Bxd5+ Qxd5 20. Ne3 Qe6 21. Qa4 Rf7 22. Rfc1 Rfc7 23. Rxc7 Rxc7 24. Rc1 Rxc1+ 25. Bxc1 Qf7 26. Qe4 Ne6 27. Qa8+ Bf8 28. Ba3 Kg7 29. Bxf8+ Nxf8 30. Nc4 Ne6 31. Nd6 Qd7 32. Nc8 Nd4 33. Qxa7 Qxa7 34. Nxa7 Nxe2+ 35. Kf1 Nd4 36. Nc8 1/2-1/2

[Event "SDS Naestved Open"]
[Site "Naestved"]
[Date "1988.07.??"]
[Round "?"]
[White "Jasnikowski, Zbigniew"]
[Black "Bronnum, Jan"]
[Result "1/2-1/2"]
[WhiteElo "2425"]
[BlackElo "2130"]
[PlyCount "42"]
[EventDate "1988.07.23"]
[EventType "swiss"]
[EventRounds "9"]
[EventCountry "DEN"]
[SourceTitle "Gl Danbase og ChessBase"]

1. d4 Nf6 2. c4 e6 3. Nf3 d5 4. Nc3 Bb4 5. Bg5 Nbd7 6. e3 c5 7. cxd5 exd5 8. Bd3 Qa5 9. Qc2 O-O 10. O-O Re8 11. Nd2 c4 12. Bf5 g6 13. Bh3 Kg7 14. Rae1 Nb6 15. Bxc8 Raxc8 16. f3 Bxc3 17. bxc3 Na4 18. Rc1 b5 19. a3 Qc7 20. e4 Nh5 21. Rce1 f6 1/2-1/2

[Event "SDS Naestved Open"]
[Site "Naestved"]
[Date "1988.07.??"]
[Round "?"]
[White "Jost, Christoph"]
[Black "Ahlander, Bjorn"]
[Result "0-1"]
[WhiteElo "2265"]
[BlackElo "2395"]
[PlyCount "142"]
[EventDate "1988.07.23"]
[EventType "swiss"]
[EventRounds "9"]
[EventCountry "DEN"]
[SourceTitle "Gl Danbase og ChessBase"]

1. Nf3 Nf6 2. c4 e6 3. Nc3 d5 4. d4 Be7 5. Bg5 O-O 6. e3 h6 7. Bh4 b6 8. Qb3 Bb7 9. Bxf6 Bxf6 10. cxd5 exd5 11. Bd3 c5 12. dxc5 Nd7 13. c6 Bxc6 14. O-O Nc5 15. Qc2 d4 16. Nxd4 Bxd4 17. exd4 Qxd4 18. Rad1 Qg4 19. f3 Qf4 20. Bb5 Bxb5 21. Nxb5 Rfd8 22. Rfe1 Rxd1 23. Rxd1 a6 24. Nc3 Re8 25. Nd5 Qh4 26. Qf2 Qxf2+ 27. Kxf2 b5 28. b4 Na4 29. Nc7 Rc8 30. Nxa6 Rc2+ 31. Kg3 Nc3 32. Rd7 Ne2+ 33. Kf2 Nf4+ 34. Kf1 Rxa2 35. Nc7 Nxg2 36. Nxb5 Ne3+ 37. Ke1 Rxh2 38. Nd6 Nc2+ 39. Kf1 Nxb4 40. Nxf7 Nc6 41. Rd6 Ne7 42. Ne5 Nf5 43. Rd8+ Kh7 44. Rf8 Ng3+ 45. Kg1 Re2 46. f4 Nh5 47. Nd7 Re7 48. Rd8 g6 49. Ne5 Nxf4 50. Rd7 Rxd7 51. Nxd7 g5 52. Ne5 Kg7 53. Kf2 Kf6 54. Ng4+ Kg6 55. Kg3 h5 56. Ne3 Nd3 57. Ng2 Ne5 58. Ne3 h4+ 59. Kh3 Kh5 60. Kh2 g4 61. Nf1 Kg5 62. Ne3 Nd3 63. Kg2 Nc5 64. Kh2 Ne4 65. Kg2 Kf4 66. Nd5+ Kf5 67. Ne3+ Kg5 68. Kh2 h3 69. Nd5 Kh4 70. Ne3 g3+ 71. Kg1 Kg5 0-1

[Event "SDS Naestved Open"]
[Site "Naestved"]
[Date "1988.07.??"]
[Round "?"]
[White "Kamaras, Peter"]
[Black "Riemersma, Liafbern"]
[Result "0-1"]
[WhiteElo "2265"]
[BlackElo "2380"]
[PlyCount "78"]
[EventDate "1988.07.23"]
[EventType "swiss"]
[EventRounds "9"]
[EventCountry "DEN"]
[SourceTitle "Gl Danbase og ChessBase"]

1. Nf3 Nf6 2. g3 g6 3. Bg2 Bg7 4. O-O O-O 5. c4 d6 6. Nc3 e5 7. d4 Nbd7 8. Rb1 c6 9. b4 exd4 10. Nxd4 Nb6 11. Qd3 Nfd7 12. f4 c5 13. Ndb5 cxb4 14. Ne4 Nc5 15. Qxd6 Nxe4 16. Bxe4 Bh3 17. Bg2 Bxg2 18. Kxg2 a6 19. Qxd8 Raxd8 20. c5 Na4 21. Nd6 Nxc5 22. Be3 b6 23. Nc4 a5 24. Nxa5 bxa5 25. Bxc5 Rfe8 26. e3 Rd2+ 27. Rf2 Rxf2+ 28. Kxf2 Rc8 29. Be7 Rc7 30. Bd6 Rc2+ 31. Kf3 Rxa2 32. e4 Bc3 33. h4 Rd2 34. e5 f5 35. g4 Kf7 36. h5 Rd3+ 37. Ke2 Rd4 38. hxg6+ Kxg6 39. gxf5+ Kxf5 0-1

[Event "SDS Naestved Open"]
[Site "Naestved"]
[Date "1988.07.??"]
[Round "?"]
[White "Kosten, Anthony C"]
[Black "Bang, Andreas"]
[Result "1-0"]
[WhiteElo "2510"]
[BlackElo "2280"]
[PlyCount "89"]
[EventDate "1988.07.23"]
[EventType "swiss"]
[EventRounds "9"]
[EventCountry "DEN"]
[SourceTitle "Gl Danbase og ChessBase"]

1. e4 c5 2. Nf3 d6 3. c3 Nf6 4. h3 Nc6 5. Bd3 g6 6. Bc2 Bg7 7. d3 O-O 8. O-O d5 9. e5 Ne8 10. d4 Nc7 11. Re1 cxd4 12. cxd4 b6 13. Nc3 Ba6 14. Be3 Rc8 15. h4 Na5 16. h5 Nc4 17. hxg6 fxg6 18. Bc1 Ne6 19. Nh4 Qe8 20. Qg4 Qf7 21. Nf3 Rfd8 22. a3 Na5 23. Qh4 Bc4 24. Ng5 Nxg5 25. Bxg5 Bf8 26. Re3 Bb3 27. Bd3 Bc4 28. Rf3 Qg7 29. Rd1 Bxd3 30. Rdxd3 h6 31. Rxf8+ Qxf8 32. Rf3 Qxf3 33. gxf3 hxg5 34. Qxg5 Kf7 35. Qf4+ Ke6 36. Qg4+ Kf7 37. Nxd5 Rc6 38. Nb4 Rc4 39. Qf4+ Kg7 40. e6 Rcxd4 41. Qf7+ Kh6 42. Qxe7 Rc8 43. Qf6 Rd1+ 44. Kg2 Rcc1 45. f4 1-0

[Event "SDS Naestved Open"]
[Site "Naestved"]
[Date "1988.07.??"]
[Round "?"]
[White "Kosten, Anthony C"]
[Black "Berg, Klaus"]
[Result "1-0"]
[WhiteElo "2510"]
[BlackElo "2385"]
[PlyCount "51"]
[EventDate "1988.07.23"]
[EventType "swiss"]
[EventRounds "9"]
[EventCountry "DEN"]
[SourceTitle "Gl Danbase og ChessBase"]

1. e4 c6 2. d4 d5 3. exd5 cxd5 4. c4 Nf6 5. Nc3 g6 6. Qb3 Bg7 7. cxd5 O-O 8. Be2 b6 9. Bg5 Bb7 10. Bxf6 exf6 11. Bf3 Na6 12. Nge2 Qd6 13. O-O Rfd8 14. Rad1 f5 15. Rfe1 Nc7 16. Nc1 Rd7 17. Nd3 Bxd4 18. Nb4 Bxc3 19. Qxc3 Na6 20. Nc6 Rc8 21. Qe3 Ra8 22. b4 Nxb4 23. Ne7+ Kg7 24. Qc3+ Kh6 25. Nxf5+ gxf5 26. Re6+ 1-0

[Event "SDS Naestved Open"]
[Site "Naestved"]
[Date "1988.07.??"]
[Round "?"]
[White "Kosten, Anthony C"]
[Black "Fries Nielsen, Jens Ove"]
[Result "1/2-1/2"]
[WhiteElo "2510"]
[BlackElo "2385"]
[PlyCount "82"]
[EventDate "1988.07.23"]
[EventType "swiss"]
[EventRounds "9"]
[EventCountry "DEN"]
[SourceTitle "Gl Danbase og ChessBase"]

1. e4 c5 2. Nf3 Nc6 3. d4 cxd4 4. Nxd4 Nf6 5. Nc3 e5 6. Ndb5 d6 7. Bg5 a6 8. Na3 b5 9. Bxf6 gxf6 10. Nd5 Bg7 11. c3 f5 12. exf5 Bxf5 13. Nc2 Be6 14. Nce3 Ne7 15. Nxe7 Qxe7 16. a4 b4 17. Nd5 Qb7 18. Nxb4 O-O 19. a5 d5 20. Qa4 d4 21. Qc6 Qxc6 22. Nxc6 dxc3 23. bxc3 Rfe8 24. Rc1 Rac8 25. Nb4 e4 26. c4 Bh6 27. Ra1 e3 28. fxe3 Bxe3 29. Nc2 Bc5 30. Kd2 Rcd8+ 31. Kc3 Bf5 32. Re1 Rxe1 33. Nxe1 Rd1 34. Be2 Bd4+ 35. Kb3 Rb1+ 36. Ka3 Ra1+ 37. Kb3 Rb1+ 38. Ka3 Bc5+ 39. Ka2 Bb4 40. Bg4 Be4 41. Bf3 Bg6 1/2-1/2

[Event "SDS Naestved Open"]
[Site "Naestved"]
[Date "1988.07.??"]
[Round "?"]
[White "Kosten, Anthony C"]
[Black "Lindeman, Sven"]
[Result "1-0"]
[WhiteElo "2510"]
[BlackElo "2345"]
[PlyCount "63"]
[EventDate "1988.07.23"]
[EventType "swiss"]
[EventRounds "9"]
[EventCountry "DEN"]
[SourceTitle "Gl Danbase og ChessBase"]

1. e4 c5 2. Nf3 d6 3. c3 Nf6 4. h3 Nc6 5. Bd3 d5 6. e5 Nd7 7. e6 fxe6 8. Ng5 Nf6 9. Bxh7 Nxh7 10. Qh5+ Kd7 11. Nxh7 Qe8 12. Nf6+ exf6 13. Qxh8 Kc7 14. O-O e5 15. d4 Qg6 16. dxe5 Bf5 17. exf6 gxf6 18. Bf4+ Ne5 19. Nd2 Re8 20. Rfe1 Kc6 21. Re3 Nd3 22. Bg3 Rxe3 23. Qxf8 Re6 24. Qc8+ Kb6 25. Qc7+ Ka6 26. Nb3 Rb6 27. Nxc5+ Nxc5 28. Qxc5 Be4 29. c4 dxc4 30. Qxc4+ Ka5 31. a4 f5 32. b4+ 1-0

[Event "SDS Naestved Open"]
[Site "Naestved"]
[Date "1988.07.??"]
[Round "?"]
[White "Kvamme, John Agnar"]
[Black "Hoiberg, Nina"]
[Result "1/2-1/2"]
[WhiteElo "2150"]
[BlackElo "2235"]
[PlyCount "90"]
[EventDate "1988.07.23"]
[EventType "swiss"]
[EventRounds "9"]
[EventCountry "DEN"]
[SourceTitle "Gl Danbase og ChessBase"]

1. d4 g6 2. e4 Bg7 3. Nf3 d6 4. Be2 Nf6 5. Nbd2 O-O 6. c3 c5 7. O-O cxd4 8. cxd4 b6 9. Re1 Bb7 10. Bd3 Nc6 11. Nf1 Rc8 12. Bd2 Nd7 13. Bc3 e5 14. d5 Ne7 15. N3d2 Nc5 16. Bc4 f5 17. f3 fxe4 18. fxe4 Qd7 19. a4 a6 20. Be2 Rc7 21. Bg4 Qd8 22. Nb3 Bc8 23. Nxc5 Rxc5 24. Ne3 a5 25. Qe2 Rf4 26. Bxc8 Qxc8 27. Qd3 Kh8 28. Rf1 Ng8 29. g3 Rf6 30. Rxf6 Nxf6 31. Rf1 Kg8 32. Kg2 Ng4 33. Qe2 Nxe3+ 34. Qxe3 Qd7 35. b3 Qc7 36. Rc1 Bh6 37. Qxh6 Rxc3 38. Rxc3 Qxc3 39. Qg5 Qc2+ 40. Kh3 Qxe4 41. Qd8+ Kg7 42. Qxd6 Qf5+ 43. Kg2 Qc2+ 44. Kh3 Qf5+ 45. Kg2 Qc2+ 1/2-1/2

[Event "SDS Naestved Open"]
[Site "Naestved"]
[Date "1988.07.??"]
[Round "?"]
[White "Lau, Ralf"]
[Black "Haugli, Petter"]
[Result "1/2-1/2"]
[WhiteElo "2495"]
[BlackElo "2330"]
[PlyCount "55"]
[EventDate "1988.07.23"]
[EventType "swiss"]
[EventRounds "9"]
[EventCountry "DEN"]
[SourceTitle "Gl Danbase og ChessBase"]

1. e4 e6 2. d4 d5 3. Nc3 Bb4 4. e5 c5 5. a3 Ba5 6. b4 cxd4 7. Qg4 Ne7 8. Nb5 Bc7 9. Qxg7 Rg8 10. Qxh7 a6 11. Nxc7+ Qxc7 12. Bb2 Qxe5+ 13. Ne2 Qc7 14. f4 Nbc6 15. Qd3 Nf5 16. c3 dxc3 17. Bxc3 Bd7 18. g3 Qb6 19. Bh3 Nd6 20. Bd4 Nxd4 21. Qxd4 Qxd4 22. Nxd4 Rc8 23. O-O Rc3 24. Rfc1 Rd3 25. Rd1 Rxd1+ 26. Rxd1 Nb5 27. Nxb5 Bxb5 28. Bg2 1/2-1/2

[Event "SDS Naestved Open"]
[Site "Naestved"]
[Date "1988.07.??"]
[Round "?"]
[White "Lorenz, Sascha"]
[Black "Bednarski, Jacek B"]
[Result "0-1"]
[WhiteElo "2225"]
[BlackElo "2375"]
[PlyCount "62"]
[EventDate "1988.07.23"]
[EventType "swiss"]
[EventRounds "9"]
[EventCountry "DEN"]
[SourceTitle "Gl Danbase og ChessBase"]

1. e4 e6 2. d3 d5 3. Nd2 Nf6 4. Ngf3 Nc6 5. c3 a5 6. e5 Nd7 7. d4 b6 8. Bd3 Ba6 9. Nf1 Qc8 10. Ne3 Bxd3 11. Qxd3 Qa6 12. Qxa6 Rxa6 13. O-O f6 14. exf6 gxf6 15. Bd2 Kf7 16. Rac1 b5 17. b3 Nb6 18. c4 bxc4 19. bxc4 dxc4 20. Nxc4 Nxc4 21. Rxc4 Bd6 22. Rfc1 Ne7 23. Rb1 Rb6 24. Rb3 Ra8 25. Kf1 Nd5 26. Ne1 a4 27. Rh3 Rb2 28. Rc2 Rab8 29. Bc3 Rxc2 30. Nxc2 Rb1+ 31. Be1 Rc1 0-1

[Event "SDS Naestved Open"]
[Site "Naestved"]
[Date "1988.07.??"]
[Round "?"]
[White "Olesen, Martin"]
[Black "Tyrtania, Maximilian"]
[Result "1/2-1/2"]
[WhiteElo "2225"]
[BlackElo "2300"]
[PlyCount "56"]
[EventDate "1988.07.23"]
[EventType "swiss"]
[EventRounds "9"]
[EventCountry "DEN"]
[SourceTitle "Gl Danbase og ChessBase"]

1. d4 c5 2. d5 d6 3. c4 e5 4. Nc3 g6 5. e4 Bg7 6. Bd3 Ne7 7. Be3 O-O 8. Nge2 f5 9. f3 Nd7 10. Qd2 a6 11. g4 f4 12. Bf2 Rb8 13. g5 Rf7 14. a4 Nb6 15. a5 Nd7 16. Nc1 b6 17. axb6 Qxb6 18. b3 Nf8 19. h4 h6 20. Bf1 hxg5 21. hxg5 Bh8 22. Qa2 Qb4 23. Qa5 Qxa5 24. Rxa5 Rh7 25. Rxh7 Nxh7 26. Bh4 Bg7 27. Kf2 Kf7 28. Kg1 Bf8 1/2-1/2

[Event "SDS Naestved Open"]
[Site "Naestved"]
[Date "1988.07.??"]
[Round "?"]
[White "Paust, Wolf Dieter"]
[Black "Giemsa, Stephan"]
[Result "0-1"]
[WhiteElo "2230"]
[BlackElo "2150"]
[PlyCount "72"]
[EventDate "1988.07.23"]
[EventType "swiss"]
[EventRounds "9"]
[EventCountry "DEN"]
[SourceTitle "Gl Danbase og ChessBase"]

1. e4 e6 2. d4 d5 3. Nc3 Bb4 4. e5 c5 5. a3 Ba5 6. b4 cxd4 7. Qg4 Ne7 8. Nb5 Bc7 9. Qxg7 Rg8 10. Qxh7 a6 11. Nxc7+ Qxc7 12. Ne2 Qxe5 13. Qd3 Qf6 14. h4 Nbc6 15. Bg5 Qh8 16. Bxe7 Nxe7 17. Qxd4 e5 18. Qb6 Rg6 19. Qe3 Rc6 20. c3 Bd7 21. g3 Nf5 22. Qd3 O-O-O 23. Bg2 Be6 24. Rd1 e4 25. Qd2 e3 26. fxe3 Qe5 27. e4 Nxg3 28. Qd4 Qxd4 29. Nxd4 Rxc3 30. Rg1 Bg4 31. Rd2 dxe4 32. Nc2 Rxd2 33. Kxd2 Rd3+ 34. Ke1 e3 35. Bxb7+ Kxb7 36. Rxg3 Rd1# 0-1

[Event "SDS Naestved Open"]
[Site "Naestved"]
[Date "1988.07.??"]
[Round "?"]
[White "Petursson, Margeir"]
[Black "Fries Nielsen, Jens Ove"]
[Result "1-0"]
[WhiteElo "2530"]
[BlackElo "2385"]
[PlyCount "69"]
[EventDate "1988.07.23"]
[EventType "swiss"]
[EventRounds "9"]
[EventCountry "DEN"]
[SourceTitle "Gl Danbase og ChessBase"]

1. d4 Nf6 2. c4 c5 3. d5 e6 4. Nc3 exd5 5. cxd5 d6 6. e4 g6 7. f4 Bg7 8. Bb5+ Nfd7 9. a4 a6 10. Be2 Qh4+ 11. g3 Qe7 12. Nf3 O-O 13. O-O Nf6 14. e5 Ne8 15. e6 fxe6 16. Bc4 Nc7 17. Re1 b5 18. axb5 Bxc3 19. bxc3 axb5 20. Rxa8 Nxa8 21. Bxb5 Nc7 22. Bf1 Nd7 23. c4 Nf6 24. Bb2 Qd8 25. dxe6 Bxe6 26. Qd2 Qd7 27. Ng5 Bf5 28. Bg2 h6 29. Nf3 Ne4 30. Qc1 h5 31. Rxe4 Bxe4 32. Ng5 d5 33. cxd5 Bxg2 34. Qc3 Qxd5 35. Qg7# 1-0

[Event "SDS Naestved Open"]
[Site "Naestved"]
[Date "1988.07.??"]
[Round "?"]
[White "Pilgaard, Kim"]
[Black "Stempin, Pawel"]
[Result "1/2-1/2"]
[WhiteElo "2280"]
[BlackElo "2435"]
[PlyCount "44"]
[EventDate "1988.07.23"]
[EventType "swiss"]
[EventRounds "9"]
[EventCountry "DEN"]
[SourceTitle "Gl Danbase og ChessBase"]

1. e4 c5 2. c3 d5 3. exd5 Qxd5 4. d4 Nf6 5. Nf3 Nc6 6. c4 Qe4+ 7. Be3 cxd4 8. Nxd4 e5 9. Nd2 Bb4 10. Nc2 Bxd2+ 11. Qxd2 Bf5 12. Rc1 Rd8 13. f3 Qh4+ 14. Qf2 Qxf2+ 15. Kxf2 O-O 16. Be2 Nd4 17. Bd1 h6 18. Ne1 Rc8 19. b3 Rfd8 20. Bc2 Be6 21. Bb1 b5 22. Nd3 bxc4 1/2-1/2

[Event "SDS Naestved Open"]
[Site "Naestved"]
[Date "1988.07.??"]
[Round "?"]
[White "Riemersma, Liafbern"]
[Black "Hansen, Mads Smith"]
[Result "0-1"]
[WhiteElo "2380"]
[BlackElo "2245"]
[PlyCount "70"]
[EventDate "1988.07.23"]
[EventType "swiss"]
[EventRounds "9"]
[EventCountry "DEN"]
[SourceTitle "Gl Danbase og ChessBase"]

1. e4 c6 2. d4 d5 3. Nd2 dxe4 4. Nxe4 Nf6 5. Nxf6+ exf6 6. c3 Bd6 7. Bd3 O-O 8. Qc2 Re8+ 9. Ne2 Kh8 10. O-O Qc7 11. h3 Be6 12. b3 Nd7 13. Bb2 Nf8 14. Rad1 Rad8 15. c4 Ng6 16. Rfe1 Nh4 17. Nc3 Qc8 18. Bf1 Bb8 19. Re3 Bf4 20. Ree1 Bf5 21. Ne4 Bb8 22. Rc1 Bxh3 23. gxh3 Nf3+ 24. Kg2 Nxe1+ 25. Rxe1 f5 26. d5 fxe4 27. Rxe4 Rxe4 28. Qxe4 Re8 29. Qd4 Be5 30. Qd2 Bxb2 31. Qxb2 cxd5 32. cxd5 Qf5 33. Qd2 Rd8 34. Bc4 b5 35. Qa5 Qg5+ 0-1

[Event "SDS Naestved Open"]
[Site "Naestved"]
[Date "1988.07.??"]
[Round "?"]
[White "Schandorff, Lars"]
[Black "Bang, Andreas"]
[Result "1/2-1/2"]
[WhiteElo "2415"]
[BlackElo "2280"]
[PlyCount "71"]
[EventDate "1988.07.23"]
[EventType "swiss"]
[EventRounds "9"]
[EventCountry "DEN"]
[SourceTitle "Gl Danbase og ChessBase"]

1. d4 d5 2. c4 c6 3. Nc3 Nf6 4. e3 a6 5. Nf3 b5 6. cxd5 cxd5 7. Ne5 e6 8. Bd3 Bb7 9. O-O Nbd7 10. f4 Bd6 11. a3 O-O 12. Qf3 b4 13. axb4 Bxb4 14. g4 a5 15. g5 Nxe5 16. fxe5 Ne4 17. Bxe4 dxe4 18. Qg4 Kh8 19. Bd2 Bxc3 20. Bxc3 Bd5 21. Rf4 f5 22. exf6 gxf6 23. Raf1 f5 24. Qg2 Rg8 25. h4 Rg6 26. Qh2 h6 27. Kh1 Ra7 28. gxh6 Rxh6 29. Rg1 Rg7 30. Rxg7 Kxg7 31. Be1 Kh7 32. Rf1 Rg6 33. Rg1 Rxg1+ 34. Kxg1 Qg8+ 35. Kf1 Qg4 36. Qg3 1/2-1/2

[Event "SDS Naestved Open"]
[Site "Naestved"]
[Date "1988.07.??"]
[Round "?"]
[White "Schandorff, Lars"]
[Black "Hartung Nielsen, Jens"]
[Result "1/2-1/2"]
[WhiteElo "2415"]
[BlackElo "2270"]
[PlyCount "102"]
[EventDate "1988.07.23"]
[EventType "swiss"]
[EventRounds "9"]
[EventCountry "DEN"]
[SourceTitle "Gl Danbase og ChessBase"]

1. d4 d5 2. c4 e6 3. Nf3 c5 4. e3 Nc6 5. a3 Nf6 6. dxc5 Bxc5 7. b4 Bd6 8. Bb2 O-O 9. Nbd2 a6 10. Bd3 Qe7 11. Qc2 h6 12. Rd1 Rd8 13. O-O Bd7 14. Qb1 Rac8 15. cxd5 exd5 16. Qa1 Be6 17. Rfe1 Bb8 18. h3 Ba7 19. Rc1 Ne8 20. Nb3 f6 21. Nbd4 Nxd4 22. Bxd4 Bxd4 23. Qxd4 Nd6 24. Bb1 Rxc1 25. Rxc1 Rc8 26. Rxc8+ Nxc8 27. Qd3 Qf7 28. Nd4 Kf8 29. Qc3 Qd7 30. Bc2 Ne7 31. Bb3 Bf7 32. Qc5 Kg8 33. a4 Nf5 34. Ne2 Ne7 35. a5 Kf8 36. Nd4 Kg8 37. Ba4 Qd8 38. Kh1 Kh7 39. Bc2+ Kg8 40. Bf5 Kh8 41. Qa7 Nxf5 42. Nxf5 Qd7 43. Nd4 Be8 44. Qb6 Qc8 45. Qd6 Bc6 46. f4 Qd7 47. Qb8+ Kh7 48. f5 Qe8 49. Qg3 Bd7 50. Qf4 Qe5 51. Qf3 Kg8 1/2-1/2